Три цвета одного убийства

Bibliografiske detaljer
Hovedforfatter: Март М. Г. Михаил Георгиевич
Summary:В центре Москвы, в одной из квартир престижной высотки, совершено убийство. Картина преступления выглядела слишком очевидной: бытовая драка, в которой один из участников погиб. Такие раскрываются в момент. Но следствие забуксовало. Следов нет, свидетелей нет, из улик — только альбом с эскизами да запах духов, но на этом обвинение не построишь. Подполковник Трубецкой и его команда зацепились за одну версию: убийца — женщина. Но в поле зрения следствия оказались три представительницы слабого пола, и у каждой был мотив. Осталось лишь найти доказательства и выбрать одну.
Sprog:russisk
Udgivet: Москва, АСТ, 2015
Serier:Мэтр криминального романа
Fag:
Format: MixedMaterials Bog
KOHA link:https://koha.lib.tpu.ru/cgi-bin/koha/opac-detail.pl?biblionumber=289493

MARC

LEADER 00000nam0a2200000 4500
001 289493
005 20231102000207.0
010 |a 9785170830633 
035 |a (RuTPU)RU\TPU\book\313999 
090 |a 289493 
100 |a 20150401d2015 m y0rusy50 ca 
101 0 |a rus 
102 |a RU 
105 |a y z 000ay 
200 1 |a Три цвета одного убийства  |f М. Г. Март 
210 |a Москва  |c АСТ  |d 2015 
215 |a 320 с. 
225 1 |a Мэтр криминального романа 
330 |a В центре Москвы, в одной из квартир престижной высотки, совершено убийство. Картина преступления выглядела слишком очевидной: бытовая драка, в которой один из участников погиб. Такие раскрываются в момент. Но следствие забуксовало. Следов нет, свидетелей нет, из улик — только альбом с эскизами да запах духов, но на этом обвинение не построишь. Подполковник Трубецкой и его команда зацепились за одну версию: убийца — женщина. Но в поле зрения следствия оказались три представительницы слабого пола, и у каждой был мотив. Осталось лишь найти доказательства и выбрать одну. 
606 1 |a Русская литература современная  |2 stltpush  |3 (RuTPU)RU\TPU\subj\26373  |9 50316 
610 1 |a криминальные романы 
610 1 |a детективы 
610 1 |a расследования 
675 |a Р2  |v 4 
700 1 |a Март  |b М. Г.  |g Михаил Георгиевич 
801 1 |a RU  |b 63413507  |c 20150401 
801 2 |a RU  |b 63413507  |c 20150707  |g RCR 
942 |c BK 
959 |a 29/20150330  |d 1  |e 149,20  |f ХФ:1